[Event "Easter op"]
[Site "Winnipeg CAN"]
[Date "2000.04.23"]
[Round "4"]
[White "Xia, Yanchong"]
[Black "Pottinger, Carl"]
[Result "1-0"]
[WhiteElo "1788"]
[BlackElo "1389"]
[PlyCount "126"]
[GameId "2160767911724553"]
[EventDate "2000.04.21"]
[EventType "swiss"]
[EventRounds "5"]
[EventCountry "CAN"]
[SourceTitle "EXT 2005"]
[Source "ChessBase"]
[SourceDate "2004.11.15"]
[SourceVersion "1"]
[SourceVersionDate "2004.11.15"]
[SourceQuality "1"]

1. e4 e5 2. Nf3 d6 3. d4 exd4 4. Qxd4 Nc6 5. Qd1 Bg4 6. Bb5 Qd7 7. Nc3 a6 8. Ba4 b5 9. Bb3 Na5 10. O-O Nxb3 11. axb3 c6 12. Bf4 Nf6 13. h3 Bxh3 14. gxh3 Qxh3 15. Ng5 Qg4+ 16. Qxg4 Nxg4 17. Rfd1 Ne5 18. Bxe5 dxe5 19. Nf3 f6 20. Rd2 Be7 21. Nd1 Kf7 22. Ne3 g6 23. Rad1 Rhd8 24. Rxd8 Rxd8 25. Rxd8 Bxd8 26. b4 a5 27. bxa5 Bxa5 28. Kg2 Bb6 29. Kg3 Bxe3 30. fxe3 h5 31. Ne1 g5 32. Nd3 Ke6 33. b4 Kd6 34. Kf3 Ke6 35. Nf2 f5 36. exf5+ Kxf5 37. e4+ Ke6 38. Nh1 Kf6 39. Ng3 Kg6 40. Nf5 Kf6 41. Ng3 Kg6 42. Nf5 Kf6 43. Kg3 Kf7 44. Nd6+ Ke6 45. Nb7 Ke7 46. Nc5 Kd6 47. Nd3 Ke6 48. Ne1 Kf6 49. Nf3 g4 50. Nh4 Ke7 51. Nf5+ Kd7 52. Kh4 c5 53. bxc5 Kc6 54. Kxh5 Kxc5 55. Kxg4 Kc4 56. Ne3+ Kd4 57. Kf3 b4 58. Nd5 Kc5 59. Ke3 Kc4 60. Nf6 Kc5 61. Kd3 Kb5 62. Nd7 Kc6 63. Nxe5+ Kd6 1-0

[Event "Easter op"]
[Site "Winnipeg CAN"]
[Date "2000.04.23"]
[Round "5"]
[White "Gibson, Kris"]
[Black "Federkevic, Danny"]
[Result "0-1"]
[WhiteElo "1830"]
[BlackElo "1978"]
[PlyCount "66"]
[GameId "2160767911724554"]
[EventDate "2000.04.21"]
[EventType "swiss"]
[EventRounds "5"]
[EventCountry "CAN"]

1. e4 e5 2. d4 exd4 3. Nf3 Nc6 4. Bc4 Bc5 5. O-O Nf6 6. e5 d5 7. exf6 dxc4 8. fxg7 Rg8 9. Bh6 Qf6 10. Qd2 Be6 11. a4 O-O-O 12. Na3 Bd5 13. Qg5 Rd6 14. Nb5 Qxh6 15. Nxd6+ Qxd6 16. Rfe1 h6 17. Qf5+ Kd8 18. Qh7 f6 19. Nh4 Ne7 20. Qxh6 Bb4 21. Qh7 Bxe1 22. Rxe1 Bf7 23. g4 Qf4 24. h3 Qg5 25. Qe4 Qe5 26. Qxe5 fxe5 27. Rxe5 Rxg7 28. Nf5 Nxf5 29. Rxf5 d3 30. cxd3 cxd3 31. Kf1 Bc4 32. Ke1 Re7+ 33. Kd1 Re2 0-1

[Event "Easter op"]
[Site "Winnipeg CAN"]
[Date "2000.04.23"]
[Round "5"]
[White "Moffat, Ron"]
[Black "Xia, Yanchong"]
[Result "0-1"]
[WhiteElo "1733"]
[BlackElo "1788"]
[PlyCount "72"]
[GameId "2160767911724555"]
[EventDate "2000.04.21"]
[EventType "swiss"]
[EventRounds "5"]
[EventCountry "CAN"]
[SourceTitle "EXT 2005"]
[Source "ChessBase"]
[SourceDate "2004.11.15"]
[SourceVersion "1"]
[SourceVersionDate "2004.11.15"]
[SourceQuality "1"]

1. d4 Nf6 2. c4 g6 3. Nc3 Bg7 4. e4 d6 5. Be2 O-O 6. Bg5 Nbd7 7. Nf3 e5 8. d5 h6 9. Be3 Nc5 10. Nd2 a5 11. a3 Ne8 12. b4 axb4 13. axb4 Rxa1 14. Qxa1 Na6 15. b5 Nc5 16. O-O f5 17. Qa7 b6 18. f3 f4 19. Bf2 h5 20. Na4 Nxa4 21. Qxa4 g5 22. Qa8 Nf6 23. h3 g4 24. fxg4 hxg4 25. hxg4 Qe7 26. Qa3 Nxg4 27. Qf3 Qg5 28. Ra1 Ne3 29. Be1 Bg4 30. Qf2 Nc2 31. Rc1 Bxe2 32. Qxe2 Nd4 33. Qf2 f3 34. Ra1 Rf6 35. Ra8+ Kf7 36. Rc8 Ne2+ 0-1

[Event "Easter op"]
[Site "Winnipeg CAN"]
[Date "2000.04.23"]
[Round "5"]
[White "Mundwiler, Les"]
[Black "Gentes, Kevin"]
[Result "0-1"]
[WhiteElo "2093"]
[BlackElo "2331"]
[PlyCount "78"]
[GameId "2160767911724556"]
[EventDate "2000.04.21"]
[EventType "swiss"]
[EventRounds "5"]
[EventCountry "CAN"]
[SourceTitle "EXT 2005"]
[Source "ChessBase"]
[SourceDate "2004.11.15"]
[SourceVersion "1"]
[SourceVersionDate "2004.11.15"]
[SourceQuality "1"]

1. d4 Nf6 2. c4 e6 3. Nf3 c5 4. d5 exd5 5. cxd5 d6 6. Nc3 g6 7. g3 Bg7 8. Bg2 O-O 9. O-O a6 10. a4 Re8 11. h3 Nbd7 12. Nd2 Rb8 13. a5 b5 14. axb6 Nxb6 15. e4 Nfd7 16. Re1 Ne5 17. Bf1 c4 18. Kg2 Qd7 19. g4 h5 20. f3 Qe7 21. Be2 Qh4 22. Rh1 f5 23. Nf1 Nd3 24. Bxd3 cxd3 25. Qxd3 Nd7 26. Ra2 Nc5 27. Qe3 Bxc3 28. bxc3 fxe4 29. Qg5 exf3+ 30. Kh2 Qxg5 31. Bxg5 Rb1 32. Ng3 Rxh1+ 33. Kxh1 hxg4 34. h4 Bf5 35. Rb2 Nd3 36. Rb6 Re1+ 37. Kh2 f2 38. h5 gxh5 39. Nxf5 f1=Q 0-1

[Event "Eastern Ontario op"]
[Site "Ottawa CAN"]
[Date "2000.06.10"]
[Round "1"]
[White "Veltmann, Alfred"]
[Black "Shea, Joseph"]
[Result "1-0"]
[WhiteElo "1733"]
[BlackElo "1599"]
[PlyCount "99"]
[GameId "2160767911703476"]
[EventDate "2000.06.10"]
[EventType "swiss"]
[EventRounds "5"]
[EventCountry "CAN"]

1. e4 e6 2. d4 d5 3. Nd2 c5 4. exd5 Qxd5 5. dxc5 Bxc5 6. Qf3 Nf6 7. Bd3 Nc6 8. Ne2 Qxf3 9. Nxf3 h6 10. c3 a5 11. a4 Bd7 12. Bf4 g5 13. Bg3 Nh5 14. Be5 Nxe5 15. Nxe5 Nf6 16. Nxd7 Kxd7 17. Ng3 h5 18. Ne4 Nxe4 19. Bxe4 f5 20. Rd1+ Ke7 21. Bc2 Rhd8 22. Ke2 Rd6 23. Rxd6 Kxd6 24. Rd1+ Ke7 25. Bb3 b6 26. Bc4 Ra7 27. Bb5 Bd6 28. h3 Ra8 29. Rd3 Rd8 30. Bc4 Bc7 31. Rxd8 Bxd8 32. b4 axb4 33. cxb4 h4 34. f3 f4 35. Kd3 Kd6 36. Ba6 Kd5 37. Bb7+ Kd6 38. Kc4 Ke5 39. Bc8 Kd6 40. Kb5 Kd5 41. a5 bxa5 42. bxa5 Bxa5 43. Kxa5 e5 44. Bf5 Kc5 45. Be4 Kd6 46. Kb5 Kd7 47. Kc5 Ke6 48. Kc6 Ke7 49. Kd5 Kf6 50. Kd6 1-0

[Event "Eastern Ontario op"]
[Site "Ottawa CAN"]
[Date "2000.06.10"]
[Round "2"]
[White "Pacey, Kevin"]
[Black "Voloaca, Mihnea"]
[Result "0-1"]
[WhiteElo "2341"]
[BlackElo "2239"]
[PlyCount "84"]
[GameId "2160767911703477"]
[EventDate "2000.06.10"]
[EventType "swiss"]
[EventRounds "5"]
[EventCountry "CAN"]

1. e4 c5 2. Nf3 Nc6 3. d4 cxd4 4. Nxd4 Nf6 5. Nc3 d6 6. Be2 e6 7. O-O Be7 8. Be3 O-O 9. f4 a6 10. a4 Qc7 11. Nb3 b6 12. Qe1 Na5 13. Qg3 Bb7 14. Nxa5 bxa5 15. Bd4 Rfb8 16. Kh1 g6 17. Bd3 Bc6 18. e5 Nh5 19. Qh3 Rb4 20. Ne2 Nxf4 21. Rxf4 dxe5 22. Rxf7 Kxf7 23. Qxh7+ Ke8 24. Qxg6+ Kd7 25. Bc3 Rh4 26. Rd1 Kc8 27. Qxe6+ Kb7 28. Bxe5 Rxh2+ 29. Kxh2 Rh8+ 30. Kg1 Bc5+ 31. Kf1 Rh1+ 32. Ng1 Rxg1+ 33. Ke2 Rxg2+ 34. Ke1 Qb6 35. Qf7+ Ka8 36. Qf4 Be3 37. Qf8+ Ka7 38. Qe7+ Bb7 39. Bc7 Qh6 40. Qh7 Bd2+ 41. Kf1 Rg1+ 42. Kxg1 Qg5+ 0-1

[Event "Eastern Ontario op"]
[Site "Ottawa CAN"]
[Date "2000.06.10"]
[Round "2"]
[White "Serdula, Jay"]
[Black "Veltmann, Alfred"]
[Result "0-1"]
[WhiteElo "1804"]
[BlackElo "1733"]
[PlyCount "92"]
[GameId "2160767911703478"]
[EventDate "2000.06.10"]
[EventType "swiss"]
[EventRounds "5"]
[EventCountry "CAN"]

1. d4 Nf6 2. Nf3 e6 3. c4 d5 4. Bg5 h6 5. Bh4 c6 6. Nc3 Nbd7 7. e3 Qa5 8. Qc2 Bb4 9. Bd3 dxc4 10. Bxc4 Nd5 11. Rc1 N7b6 12. Bb3 Nxc3 13. bxc3 Ba3 14. Rb1 Nd5 15. Bxd5 exd5 16. O-O O-O 17. Ne5 Bd6 18. f4 Qc7 19. Rf3 f6 20. Ng6 Rf7 21. c4 dxc4 22. Qxc4 Bf5 23. Ne5 Bxb1 24. Nxf7 Qxf7 25. Qxf7+ Kxf7 26. Rf2 Be4 27. Rb2 b6 28. a4 Rb8 29. g4 g5 30. fxg5 hxg5 31. Be1 c5 32. h4 Bf3 33. hxg5 Bxg4 34. gxf6 Kxf6 35. dxc5 Bxc5 36. Kf2 Re8 37. Bc3+ Kf5 38. Bd4 Bxd4 39. exd4 Ke4 40. a5 Re6 41. axb6 axb6 42. Ra2 Rg6 43. Ke1 Bd7 44. Kd1 Bb5 45. Rd2 Bd3 46. Kc1 Rg1+ 0-1

[Event "Eastern Ontario op"]
[Site "Ottawa CAN"]
[Date "2000.06.10"]
[Round "3"]
[White "Nezirovic, Ozren"]
[Black "Pacey, Kevin"]
[Result "0-1"]
[WhiteElo "1974"]
[BlackElo "2341"]
[PlyCount "40"]
[GameId "2160767911703479"]
[EventDate "2000.06.10"]
[EventType "swiss"]
[EventRounds "5"]
[EventCountry "CAN"]

1. e4 e5 2. Nf3 Nc6 3. Nc3 g6 4. d4 exd4 5. Nd5 Bg7 6. Bg5 Nce7 7. Nxd4 h6 8. Nxe7 Nxe7 9. Bf4 O-O 10. Qd2 Re8 11. O-O-O Nc6 12. Nxc6 bxc6 13. Bxh6 Bxh6 14. Qxh6 Qf6 15. f3 Rb8 16. c3 d5 17. exd5 Bf5 18. Bc4 cxd5 19. Bb3 Rxb3 20. axb3 Qa6 0-1

[Event "Eastern Ontario op"]
[Site "Ottawa CAN"]
[Date "2000.06.11"]
[Round "4"]
[White "Lavergne, Daniel"]
[Black "Veltmann, Alfred"]
[Result "1-0"]
[WhiteElo "1654"]
[BlackElo "1733"]
[PlyCount "53"]
[GameId "2160767911703480"]
[EventDate "2000.06.10"]
[EventType "swiss"]
[EventRounds "5"]
[EventCountry "CAN"]

1. e4 e5 2. Nf3 Nc6 3. Bb5 a6 4. Bxc6 dxc6 5. O-O Bg4 6. h3 h5 7. d3 Bd6 8. Nbd2 Qf6 9. Re1 Ne7 10. c3 Be6 11. d4 g6 12. Qa4 b5 13. Qc2 c5 14. dxe5 Bxe5 15. Nxe5 Qxe5 16. Nf3 Qg7 17. Bf4 O-O-O 18. a4 Kb7 19. axb5 axb5 20. b4 cxb4 21. cxb4 Bc4 22. e5 Nd5 23. Bg5 Nxb4 24. Qe4+ c6 25. Bxd8 Rxd8 26. Nd4 Bd5 27. Qe3 1-0

[Event "Eastern Ontario op"]
[Site "Ottawa CAN"]
[Date "2000.06.11"]
[Round "4"]
[White "Pacey, Kevin"]
[Black "Predescu, Sebastian"]
[Result "0-1"]
[WhiteElo "2341"]
[BlackElo "2062"]
[PlyCount "66"]
[GameId "2160767911703481"]
[EventDate "2000.06.10"]
[EventType "swiss"]
[EventRounds "5"]
[EventCountry "CAN"]

1. e4 c6 2. Nc3 d5 3. Qf3 dxe4 4. Nxe4 Nf6 5. Nxf6+ exf6 6. Bc4 Bd6 7. Ne2 O-O 8. O-O Qc7 9. Ng3 b5 10. Bd3 Nd7 11. Qh5 h6 12. Nf5 Ne5 13. Nxd6 Qxd6 14. Be2 a5 15. d3 f5 16. Bf4 Re8 17. c3 Qf6 18. Bxe5 Rxe5 19. d4 Re8 20. Bd3 a4 21. Rfe1 Bd7 22. Qf3 Rac8 23. Re3 f4 24. Re4 Rxe4 25. Bxe4 a3 26. bxa3 Ra8 27. Re1 Rxa3 28. Bb1 g6 29. Re5 b4 30. Rc5 Qe6 31. Re5 Rxc3 32. Qxf4 Qg4 33. Qd2 Qxd4 0-1

[Event "Eastern Ontario op"]
[Site "Ottawa CAN"]
[Date "2000.06.11"]
[Round "5"]
[White "Gordon, David"]
[Black "Pacey, Kevin"]
[Result "1/2-1/2"]
[WhiteElo "2202"]
[BlackElo "2341"]
[PlyCount "45"]
[GameId "2160767911703482"]
[EventDate "2000.06.10"]
[EventType "swiss"]
[EventRounds "5"]
[EventCountry "CAN"]

1. a3 g6 2. g3 Bg7 3. Bg2 Nc6 4. c4 d6 5. Nc3 Bd7 6. e3 Qc8 7. d4 h5 8. h4 Nh6 9. Nge2 Rb8 10. b4 a6 11. Bb2 O-O 12. Qd2 Re8 13. O-O Bh3 14. Rfd1 Bxg2 15. Kxg2 e5 16. d5 Nd8 17. c5 e4 18. Nf4 Be5 19. Na4 Qf5 20. Bxe5 dxe5 21. Nh3 Qf3+ 22. Kg1 Qf5 23. Kg2 1/2-1/2

[Event "Echiquier Royal-ch"]
[Site "Hull CAN"]
[Date "2000.03.03"]
[Round "1"]
[White "Ethier, Valori"]
[Black "Gagnon, Fabien"]
[Result "0-1"]
[WhiteElo "1420"]
[BlackElo "2145"]
[PlyCount "60"]
[GameId "2160767911732960"]
[EventDate "2000.03.03"]
[EventType "swiss"]
[EventRounds "5"]
[EventCountry "CAN"]

1. e4 c5 2. Nc3 Nc6 3. g3 g6 4. Bg2 Bg7 5. Nge2 e6 6. d3 Nge7 7. Be3 d6 8. Qd2 Nd4 9. Rb1 O-O 10. Bh6 Nxc2+ 11. Qxc2 Bxh6 12. f4 Nc6 13. O-O Bd7 14. Rbe1 Nd4 15. Nxd4 cxd4 16. Ne2 e5 17. fxe5 dxe5 18. Qc5 Qe8 19. Kh1 Qe6 20. b3 Rfc8 21. Qa3 Rc2 22. Ng1 a5 23. Bh3 Qe8 24. Bxd7 Qxd7 25. Rf3 Bf8 26. b4 Bxb4 27. Qb3 Bxe1 28. Qxc2 Rc8 29. Qe2 Bb4 30. Qf2 Rc1 0-1

[Event "Echiquier Royal-ch"]
[Site "Hull CAN"]
[Date "2000.03.10"]
[Round "2"]
[White "Gagnon, Fabien"]
[Black "Maisonneuve, Paul"]
[Result "1-0"]
[WhiteElo "2145"]
[BlackElo "1616"]
[PlyCount "49"]
[GameId "2160767911732961"]
[EventDate "2000.03.03"]
[EventType "swiss"]
[EventRounds "5"]
[EventCountry "CAN"]

1. e4 d6 2. d4 Nf6 3. Nc3 c6 4. a4 Qa5 5. Bd3 e5 6. Nge2 exd4 7. Nxd4 Be7 8. Bd2 Qb6 9. Nb3 Nbd7 10. Be3 Qc7 11. h3 Ne5 12. Be2 O-O 13. f4 Ng6 14. O-O Rd8 15. Qe1 Re8 16. a5 Bd7 17. Qf2 d5 18. e5 Ne4 19. Nxe4 dxe4 20. Bxa7 Bh4 21. Qe3 Qc8 22. Bb6 Be6 23. Nc5 f5 24. exf6 Bxf6 25. Nxe6 1-0

[Event "Echiquier Royal-ch"]
[Site "Hull CAN"]
[Date "2000.03.17"]
[Round "3"]
[White "Bussiere, Denis"]
[Black "Gagnon, Fabien"]
[Result "0-1"]
[WhiteElo "1699"]
[BlackElo "2145"]
[PlyCount "78"]
[GameId "2160767911732962"]
[EventDate "2000.03.03"]
[EventType "swiss"]
[EventRounds "5"]
[EventCountry "CAN"]

1. e4 c5 2. Nf3 Nc6 3. d4 cxd4 4. Nxd4 g6 5. Be2 Bg7 6. Nb3 Nf6 7. Nc3 O-O 8. O-O d6 9. Kh1 Be6 10. f4 Qc8 11. Bf3 Rd8 12. Nd5 Qd7 13. Ne3 Qe8 14. c4 Rac8 15. Qe2 Bd7 16. Rd1 e5 17. Nd5 Nxd5 18. cxd5 Nb4 19. a3 Nc2 20. Rb1 Ba4 21. Na5 Nd4 22. Rxd4 exd4 23. Nxb7 Rc2 24. Qe1 Rd7 25. Na5 Rdc7 26. b3 Qc8 27. Bd2 Bb5 28. Bd1 Ra2 29. Bf3 Rcc2 30. Bb4 d3 31. Rd1 Bc3 32. Bxc3 Qxc3 33. Qxc3 Rxc3 34. a4 Ba6 35. Nc6 d2 36. Kg1 Rxb3 37. Nxa7 Rxf3 38. gxf3 Be2 39. Rb1 d1=Q+ 0-1

[Event "Echiquier Royal-ch"]
[Site "Hull CAN"]
[Date "2000.03.25"]
[Round "4"]
[White "Gagnon, Fabien"]
[Black "Cote, Jacques"]
[Result "0-1"]
[WhiteElo "2145"]
[BlackElo "2144"]
[PlyCount "58"]
[GameId "2160767911732963"]
[EventDate "2000.03.03"]
[EventType "swiss"]
[EventRounds "5"]
[EventCountry "CAN"]

1. g3 d5 2. Bg2 e5 3. d3 c6 4. Nf3 Bd6 5. O-O Nf6 6. Nbd2 Bg4 7. e4 O-O 8. h3 Bh5 9. Re1 Re8 10. Nf1 Nbd7 11. g4 Bg6 12. Ng3 dxe4 13. dxe4 Qc7 14. Nh4 Nf8 15. g5 N6d7 16. Nhf5 Bc5 17. c3 a5 18. h4 Rad8 19. Qc2 f6 20. h5 Bf7 21. gxf6 Nxf6 22. Bg5 Ne6 23. Bxf6 gxf6 24. Bf1 Ng5 25. Nh6+ Kg7 26. Ngf5+ Kh8 27. Nxf7+ Qxf7 28. Ng3 Rd2 29. Qb3 Bxf2+ 0-1

[Event "Echiquier Royal-ch"]
[Site "Hull CAN"]
[Date "2000.03.31"]
[Round "5"]
[White "Lemieux, Richard"]
[Black "Gagnon, Fabien"]
[Result "0-1"]
[WhiteElo "1737"]
[BlackElo "2145"]
[PlyCount "80"]
[GameId "2160767911732964"]
[EventDate "2000.03.03"]
[EventType "swiss"]
[EventRounds "5"]
[EventCountry "CAN"]

1. e4 c5 2. Nf3 Nc6 3. d4 cxd4 4. Nxd4 g6 5. Be2 Bg7 6. c3 Nf6 7. Qd3 O-O 8. Be3 d5 9. exd5 Nxd5 10. Nxc6 bxc6 11. Bc5 Qc7 12. O-O Rb8 13. Qc2 Bf5 14. Qc1 Rfd8 15. g3 Qb7 16. b4 Rd7 17. a4 Bxb1 18. Rxb1 Nxc3 19. Qc2 Nxb1 20. Rxb1 Rbd8 21. Bf3 Rd3 22. Bg2 Qd7 23. h3 e6 24. Kh2 h5 25. h4 Be5 26. Qe2 Bf6 27. Qe4 Rd5 28. Qc4 Qc7 29. Bxd5 cxd5 30. Qa6 Rd7 31. Kg2 d4 32. Rd1 Kg7 33. Rc1 Qe5 34. Qc6 Rd5 35. Qe8 Qe4+ 36. Kg1 Rd8 37. Bf8+ Kg8 38. Rc8 Rxe8 39. Rxe8 Kh7 40. b5 d3 0-1

[Event "Edmonton CC March"]
[Site "Edmonton CAN"]
[Date "2000.03.02"]
[Round "1"]
[White "Jeserich, Tobias"]
[Black "Ottosen, David"]
[Result "0-1"]
[WhiteElo "1583"]
[BlackElo "2168"]
[PlyCount "94"]
[GameId "2160767911733008"]
[EventDate "2000.03.02"]
[EventType "swiss"]
[EventRounds "5"]
[EventCountry "CAN"]

1. e4 e6 2. b3 d5 3. exd5 exd5 4. Bb2 Nf6 5. Nf3 Be7 6. Bb5+ c6 7. Be2 O-O 8. O-O Re8 9. h3 Nbd7 10. c4 dxc4 11. Bxc4 Nb6 12. Ne5 Nxc4 13. Nxc4 Bf5 14. Ne3 Bd3 15. Re1 Ne4 16. Qg4 Bf6 17. Nc3 Nc5 18. Rad1 g6 19. Na4 Nxa4 20. Bxf6 Qxf6 21. Qxa4 h5 22. Nf1 Be2 23. Rc1 Qg5 24. Qb4 Bxf1 25. Rxe8+ Rxe8 26. Kxf1 Qe7 27. Qxe7 Rxe7 28. Re1 Rd7 29. Re8+ Kg7 30. Ke2 Kf6 31. Ke3 Rd5 32. Re4 Ra5 33. a4 Rc5 34. Rf4+ Ke6 35. Re4+ Re5 36. d4 Rxe4+ 37. Kxe4 b5 38. axb5 cxb5 39. d5+ Kd6 40. b4 f5+ 41. Kd4 g5 42. g3 g4 43. h4 a6 44. Ke3 Kxd5 45. Kf4 Kc4 46. Kg5 Kxb4 47. Kxh5 a5 0-1

[Event "Edmonton CC March"]
[Site "Edmonton CAN"]
[Date "2000.03.09"]
[Round "2"]
[White "Ottosen, David"]
[Black "Buitendyk, Theo"]
[Result "1-0"]
[WhiteElo "2168"]
[BlackElo "1697"]
[PlyCount "65"]
[GameId "2160767911733009"]
[EventDate "2000.03.02"]
[EventType "swiss"]
[EventRounds "5"]
[EventCountry "CAN"]

1. e4 c5 2. Nf3 e6 3. b3 Nc6 4. Bb2 d6 5. c4 Nf6 6. Nc3 Be7 7. d4 cxd4 8. Nxd4 Nxd4 9. Qxd4 e5 10. Qd2 O-O 11. Bd3 b6 12. f3 Be6 13. O-O-O Nd5 14. cxd5 Bg5 15. dxe6 fxe6 16. Bc4 Re8 17. Nb5 Bxd2+ 18. Rxd2 Qe7 19. Nxd6 Red8 20. Bxe5 a6 21. Rhd1 Kf8 22. f4 b5 23. Be2 Ra7 24. Nxb5 Qc5+ 25. Nc3 Rxd2 26. Rxd2 Qg1+ 27. Kc2 Qxh2 28. Bc4 Kf7 29. Bb8 Rb7 30. Bxe6+ Ke8 31. Bd6 g5 32. Nd5 gxf4 33. Nf6+ 1-0

[Event "Edmonton CC March"]
[Site "Edmonton CAN"]
[Date "2000.03.16"]
[Round "3"]
[White "Clark, Alan"]
[Black "Ottosen, David"]
[Result "0-1"]
[WhiteElo "1983"]
[BlackElo "2168"]
[PlyCount "68"]
[GameId "2160767911733010"]
[EventDate "2000.03.02"]
[EventType "swiss"]
[EventRounds "5"]
[EventCountry "CAN"]

1. e4 c5 2. c3 Qa5 3. Nf3 d6 4. Bc4 Nc6 5. O-O Nf6 6. Re1 Bg4 7. Qb3 Nd8 8. Ng5 e6 9. e5 dxe5 10. Rxe5 Bd6 11. Re1 O-O 12. d4 cxd4 13. h3 Bf5 14. Nf3 dxc3 15. Nxc3 a6 16. Be3 b5 17. Be2 Nc6 18. Rac1 Rac8 19. Red1 Bb8 20. Bd3 Bxd3 21. Rxd3 Qc7 22. Ne2 Qb7 23. Qd1 Ne5 24. Nxe5 Rxc1 25. Bxc1 Bxe5 26. Ng3 Nd5 27. Qg4 Qc7 28. Bh6 f5 29. Qg5 Bf4 30. Qxg7+ Qxg7 31. Bxg7 Kxg7 32. Rxd5 exd5 33. Nh5+ Kf7 34. Nxf4 Rd8 0-1

[Event "Edmonton CC March"]
[Site "Edmonton CAN"]
[Date "2000.03.23"]
[Round "4"]
[White "Ottosen, David"]
[Black "Hughey, Micah"]
[Result "0-1"]
[WhiteElo "2168"]
[BlackElo "2096"]
[PlyCount "64"]
[GameId "2160767911733011"]
[EventDate "2000.03.02"]
[EventType "swiss"]
[EventRounds "5"]
[EventCountry "CAN"]

1. e4 c5 2. Nf3 e6 3. d4 cxd4 4. Nxd4 Nf6 5. Bd3 Nc6 6. c3 d5 7. Nxc6 bxc6 8. e5 Nd7 9. Qe2 a5 10. Be3 Nxe5 11. Bc2 Ba6 12. Qd2 Nc4 13. Qc1 Rb8 14. b3 Nxe3 15. Qxe3 Bd6 16. Nd2 Qf6 17. O-O-O O-O 18. Kb1 Be5 19. Nf3 Bxc3 20. Nd4 Bxd4 21. Rxd4 e5 22. Ra4 Bc8 23. Rxa5 Bf5 24. Rc1 Ra8 25. Rc5 e4 26. Bd1 Rxa2 27. Qc3 Qxc3 28. R1xc3 Rfa8 29. Kc1 Rxf2 30. Bc2 d4 31. R3c4 d3 32. Bb1 d2+ 0-1

[Event "Edmonton CC March"]
[Site "Edmonton CAN"]
[Date "2000.03.30"]
[Round "5"]
[White "Ludwig, David"]
[Black "Ottosen, David"]
[Result "0-1"]
[WhiteElo "1651"]
[BlackElo "2168"]
[PlyCount "66"]
[GameId "2160767911733012"]
[EventDate "2000.03.02"]
[EventType "swiss"]
[EventRounds "5"]
[EventCountry "CAN"]

1. c4 e5 2. Nc3 Nf6 3. g3 d5 4. cxd5 Nxd5 5. Bg2 Be6 6. Nf3 f6 7. O-O Nc6 8. a3 Bc5 9. e4 Nde7 10. d3 Qd7 11. Qc2 Bb6 12. Na4 h5 13. Nxb6 cxb6 14. h4 O-O-O 15. Rd1 Kb8 16. b4 Bh3 17. Bb2 Bxg2 18. Kxg2 g5 19. hxg5 h4 20. Rh1 Ng6 21. Nxh4 Nxh4+ 22. Rxh4 Rxh4 23. gxh4 Qg4+ 24. Kf1 fxg5 25. Qe2 Qxh4 26. Qf3 g4 27. Qg3 Qxg3 28. fxg3 Rxd3 29. Re1 Rxg3 30. Re2 Kc7 31. Ke1 Nd4 32. Bxd4 exd4 33. Kd2 Rxa3 0-1

[Event "Edmonton CC Summer"]
[Site "Edmonton CAN"]
[Date "2000.08.24"]
[Round "4"]
[White "Chi, Jonathan"]
[Black "Ottosen, David"]
[Result "0-1"]
[WhiteElo "1534"]
[BlackElo "2114"]
[PlyCount "66"]
[GameId "2160767911652991"]
[EventDate "2000.08.01"]
[EventType "swiss"]
[EventRounds "5"]
[EventCountry "CAN"]

1. d4 d5 2. c4 e6 3. Nc3 c6 4. Nf3 dxc4 5. e4 b5 6. a3 a6 7. Bf4 Bb7 8. Be2 Nf6 9. Qc2 Be7 10. O-O Nh5 11. Bd2 Qc7 12. b3 cxb3 13. Qxb3 Nf4 14. Rfc1 Nxe2+ 15. Nxe2 O-O 16. a4 Nd7 17. axb5 axb5 18. Bb4 Bxb4 19. Qxb4 Qb6 20. Nd2 e5 21. dxe5 c5 22. Qc3 c4 23. Qd4 Rxa1 24. Qxa1 Nc5 25. Rb1 Nxe4 26. Nxe4 Bxe4 27. Rd1 b4 28. Qd4 Qxd4 29. Rxd4 Bd3 30. Nc1 b3 31. Nxb3 cxb3 32. Rxd3 b2 33. Rd1 Rc8 0-1

[Event "Edmonton closed"]
[Site "Edmonton CAN"]
[Date "2000.01.13"]
[Round "1"]
[White "Ottosen, David"]
[Black "Clark, Alan"]
[Result "0-1"]
[WhiteElo "2236"]
[BlackElo "1940"]
[PlyCount "128"]
[GameId "2160767911741491"]
[EventDate "2000.01.13"]
[EventType "tourn"]
[EventRounds "7"]
[EventCountry "CAN"]

1. e4 c5 2. Nf3 d6 3. Bb5+ Bd7 4. Bxd7+ Qxd7 5. c4 Nf6 6. Nc3 g6 7. O-O Nc6 8. Re1 Bg7 9. d4 cxd4 10. Nxd4 Nxd4 11. Qxd4 O-O 12. Bg5 Qg4 13. Qd2 Rac8 14. f3 Qd7 15. b3 Qc7 16. Rac1 Rfe8 17. Be3 a6 18. Na4 Nd7 19. Nc3 Nf6 20. a4 Qa5 21. Bd4 Nd7 22. Bxg7 Kxg7 23. Qd4+ Qe5 24. Red1 Rc6 25. Qe3 Qc5 26. Qxc5 Rxc5 27. Nd5 Nf6 28. Kf2 Nxd5 29. Rxd5 Rec8 30. Ke3 b5 31. Rxc5 Rxc5 32. axb5 axb5 33. b4 Rc7 34. Kd4 bxc4 35. Rxc4 Rb7 36. Kd5 Rb6 37. Kd4 Rb7 38. Kc3 Kf6 39. Kb3 Ke5 40. Ka4 d5 41. exd5 Kxd5 42. Rc2 Ra7+ 43. Kb5 e5 44. Kb6 Ra1 45. b5 f5 46. Kc7 Rb1 47. Rd2+ Kc4 48. b6 e4 49. fxe4 fxe4 50. b7 e3 51. Rd1 Rxb7+ 52. Kxb7 e2 53. Ra1 Kd3 54. Kc6 Kd2 55. Ra2+ Ke3 56. Ra1 Kf2 57. g4 e1=Q 58. Rxe1 Kxe1 59. Kd5 Kf2 60. Ke4 Kg2 61. Ke3 Kxh2 62. Kf3 Kh3 63. Kf4 Kh4 64. Kf3 g5 0-1

[Event "Edmonton closed"]
[Site "Edmonton CAN"]
[Date "2000.01.20"]
[Round "2"]
[White "Ottosen, David"]
[Black "Gomboc, Dave"]
[Result "0-1"]
[WhiteElo "2236"]
[BlackElo "1992"]
[PlyCount "64"]
[GameId "2160767911741492"]
[EventDate "2000.01.13"]
[EventType "tourn"]
[EventRounds "7"]
[EventCountry "CAN"]

1. e4 c5 2. b4 cxb4 3. d4 d5 4. e5 Nc6 5. a3 Bf5 6. g4 Bg6 7. f4 e6 8. Nf3 Be4 9. Nbd2 bxa3 10. c3 h5 11. Nxe4 dxe4 12. Ng5 hxg4 13. Qxg4 Qa5 14. Bd2 e3 15. Bxe3 Qxc3+ 16. Kf2 Qxa1 17. Nxf7 Qa2+ 18. Kg3 Kxf7 19. Bd3 Nce7 20. f5 Nh6 21. fxe6+ Qxe6 22. Rf1+ Nef5+ 23. Rxf5+ Qxf5 24. Bc4+ Ke8 25. Bb5+ Kf7 26. e6+ Kxe6 27. d5+ Kf7 28. Qc4 Bd6+ 29. Kg2 Ng4 30. Qxg4 Rxh2+ 31. Kg1 Qxg4+ 32. Kf1 Qd1# 0-1

[Event "Edmonton closed"]
[Site "Edmonton CAN"]
[Date "2000.01.27"]
[Round "3"]
[White "Quiring, John"]
[Black "Ottosen, David"]
[Result "1-0"]
[WhiteElo "1940"]
[BlackElo "2236"]
[PlyCount "41"]
[GameId "2160767911741493"]
[EventDate "2000.01.13"]
[EventType "tourn"]
[EventRounds "7"]
[EventCountry "CAN"]

1. d4 Nf6 2. c4 c5 3. d5 e6 4. Nc3 exd5 5. cxd5 d6 6. e4 g6 7. f4 a6 8. e5 Nh5 9. Be2 Qh4+ 10. g3 Nxg3 11. Nf3 Qh5 12. Rg1 Nxe2 13. Qxe2 dxe5 14. Rg5 Qh3 15. Qxe5+ Be6 16. Rg3 Qh6 17. dxe6 Nc6 18. exf7+ Kxf7 19. Ng5+ Kg8 20. Qe6+ Kg7 21. Qf7# 1-0

[Event "Edmonton closed"]
[Site "Edmonton CAN"]
[Date "2000.02.03"]
[Round "4"]
[White "Ottosen, David"]
[Black "Yamach, Ahmet"]
[Result "1-0"]
[WhiteElo "2236"]
[BlackElo "1800"]
[PlyCount "35"]
[GameId "2160767911741494"]
[EventDate "2000.01.13"]
[EventType "tourn"]
[EventRounds "7"]
[EventCountry "CAN"]

1. e4 e5 2. Nc3 Nf6 3. f4 Nc6 4. fxe5 Nxe5 5. d4 Ng6 6. Nf3 d5 7. e5 Ng8 8. Bd3 N8e7 9. O-O c6 10. Ng5 Qb6 11. Nxf7 Qxd4+ 12. Kh1 Rg8 13. Nb5 Qb6 14. Nbd6+ Kd7 15. e6+ Kc7 16. Qg4 c5 17. Ne8+ Kc6 18. Qa4+ 1-0